| 000 | 01415cam a22003611i 4500 | ||
|---|---|---|---|
| 999 |
_c200442134 _d60346 |
||
| 003 | TR-AnTOB | ||
| 005 | 20220707170557.0 | ||
| 007 | ta | ||
| 008 | 730213s1963 nyua b 000 0 eng | ||
| 035 | _a61013168 //r85 | ||
| 040 |
_aTR-AnTOB _beng _erda _cTR-AnTOB _dTR-AnTOB |
||
| 041 | 0 | _aeng | |
| 050 | 0 | 4 |
_aTP155 _b.P47 1963 |
| 090 |
_aTP155 _b.P47 1963 |
||
| 100 | 1 |
_aPerry, John Howard, _d1895-1953 _eauthor _9134167 |
|
| 245 | 2 | 0 |
_aChemical engineers' handbook / _cby John H. Perry. |
| 250 |
_aFourth edition _bPrepared by a staff of specialists, under the editorial direction of Robert H. Perry, Cecil H. Chilton [and] Sidney D. Kirkpatrick, and staff of 110 experts. |
||
| 264 | 1 |
_aNew York : _bMcGraw-Hill, _c[1963] |
|
| 300 |
_a1 volume (various pagings) _billustrations, diagrams., tables ; _c30 cm |
||
| 336 |
_2rdacontent _atext _btxt |
||
| 337 |
_2rdamedia _aunmediated _bn |
||
| 338 |
_2rdacarrier _avolume _bnc |
||
| 490 | 0 |
_aMcGraw-Hill series in chemical engineering _aMcGraw-Hill handbooks |
|
| 500 | _aPrevious editions edited by John H. Perry. | ||
| 504 | _aBIB | ||
| 650 | 0 |
_aChemical engineering _vHandbooks, manuals, etc. _93319 |
|
| 700 | 0 |
_aPerry, Robert H., _d1924- _eeditor _93316 |
|
| 700 | 1 | 0 |
_aChilton, Cecil H. _q(Cecil Hamilton), _d1918- _eeditor _9137683 |
| 700 | 1 | 0 |
_aKirkpatrick, Sydney D. _eeditor _9137684 |
| 942 |
_2lcc _cBK |
||